000 00615nam a22002177a 4500
003 UA-OsUOA
001 102890
007 ta
008 20131007b un ||||| |||| 00| 0 ukr d
100 _aТкаченко Н.
090 _a81
_bТ48
942 _cSA
040 _aUA-OsUOA
_bukr
_cUA-OsUOA
_dUA-OsUOA
245 _aНавчання фонетиці англійської мови у ВНЗ
300 _aС.101-108
955 _a0
041 _aukr
080 _a81
773 0 _w102889
650 7 _a8 Мовознавство. Художня література. Літературознавство
_2UDC
999 _c388930
_d388930